000 01977cam a22004818i 4500
999 _c79441
_d316718
001 855332920
003 OCoLC
005 20210305175940.0
008 130807t20152015paua b 001 0 eng
010 _a2013032075
020 _a9781451130317
020 _a1451130317
040 _aDNLM/DLC
_beng
_erda
_cDLC
_dBTCTA
_dNLM
_dOCLCO
_dYDXCP
_dNEH
_dOCLCF
_dOCLCO
_dKSU
_dUtOrBLW
042 _apcc
050 0 0 _aRC925.7
050 0 4 _aRC925.7
_bC67 2015
060 0 0 _a2014 D-571
060 1 0 _aWE 141
082 0 0 _a616.707572
_223
_bCMI
100 1 _aCornwall, Mark W.
_q(Mark Westover),
_d1952-
_eauthor
_988451
245 1 0 _aImaging handbook for physical therapists /
_cMark W. Cornwall, Jr., Elle Nyre, John H. Harris
250 _aFirst edition
264 1 _aPhiladelphia :
_bWolters Kluwer Health/Lippincott Williams & Wilkins,
_c[2015]
264 4 _c℗♭2015
300 _axiii, 110 pages :
_billustrations ;
_c26 cm
504 _aIncludes bibliographical references and index
505 0 _aIntroduction to imaging -- The cervical spine -- Shoulder -- Elbow, wrist, and hand -- Thoraco-lumbar spine -- Hips -- Knee -- Ankle
650 0 _aMusculoskeletal system
_xImaging
_vHandbooks, manuals, etc
_911330
650 0 _aMusculoskeletal system
_xRadiography
_988452
650 0 _aMusculoskeletal system
_xDiseases
_xImaging
_916251
650 0 _aMusculoskeletal system
_xDiseases
_xDiagnosis
_988453
650 1 2 _aMusculoskeletal Diseases
_xradiography
_916252
650 2 2 _aDiagnostic Imaging
_988454
650 2 2 _aMusculoskeletal Diseases
_xdiagnosis
_947945
650 2 2 _aMusculoskeletal System
_xanatomy & histology
_988455
650 2 2 _aMusculoskeletal System
_xpathology
_964812
650 2 2 _aMusculoskeletal System
_xradiography
_988456
650 2 2 _aPhysical Therapy Specialty
_988457
655 7 _aHandbooks, manuals, etc.
_2fast
_964816
700 1 _aHarris, John H.,
_cJr.,
_d1925-
_eauthor
_988458
700 1 _aNyre, Elle,
_eauthor
_988459
942 _2ddc
_cBOOK